00397nam a2200133Ia 4500008004100000100002700041245002800068260000900096300003400105440002400139650000900163999001900172952007200191180117s9999 xx 000 0 und d aby Maya Sabine Tuviera aPoem from a 12 year old c2017 a24-25 pages, 2017 November 12 aPhilippine Panorama aPOEM c353302d353302 001040aCLbCLd2018-01-17l0r2018-01-17 00:00:00w2018-01-17ySE